Calculus of residues

Αποθηκεύτηκε σε:
Λεπτομέρειες βιβλιογραφικής εγγραφής
Κύριος συγγραφέας: Mitrinovic, Dragoslav S.
Μορφή: Βιβλίο
Γλώσσα:English
Δημοσίευση: Groningen : P. Noordhoff, 1966.
Σειρά:Tutorial text ; 4
Θέματα:
Ετικέτες: Προσθήκη ετικέτας
Δεν υπάρχουν, Καταχωρήστε ετικέτα πρώτοι!

MARC

LEADER 00000cam a2200000 i 4500
001 1/4651
008 100218s1966 ne ||| | eng||
035 |l 10106869 
040 |a GR-MyUA  |b gre  |e AACR2 
041 0 |a eng 
082 0 |a 515.9   |2 (22) 
100 1 |a Mitrinovic, Dragoslav S. 
245 1 0 |a Calculus of residues /   |c D. S. Mitrinovic ; in cooperation with J.H. Michael.  
260 |a Groningen :   |b P. Noordhoff,   |c 1966.  
300 |a 87 σ. ;   |c 22 εκ.  
490 1 |a (Tutorial text   |v ; 4) 
650 0 0 |a Functions of complex variables. 
700 1 |a Michael, J. H.   |q (James Henry)  |e oth 
830 0 |a Tutorial text ;  |v  4 
852 |a INST  |b SAMOS  |c MAG  |e 20100218  |h 515.9 MIT  |p 005300030599  |q 005300030599  |t BK  |y 0 
901 |a BIBL3-2010-1 
909 |a Σ  |b 161842 
970 |a ΡΟΥΣΣΟΥ  |b ΚΩΝΣΤΑΝΤΙΝΑ  |z 2010/02/18